00608nam a2200205Ia 4500008004100000020001800041050001400059100001900073245001700092245002600109245005200135260001500187260001800202260000900220300001600229300002500245300001000270999001900280952010300299180207s9999 xx 000 0 und d a978002689324x bM643 1979 aMiles, Bernard aRobin Hood : bhis life and legend / cBernard Miles ; illustrated by Victor G.Ambrus. aNew York : bCheckerboard, c1979 a125 pages : bcolor illustration ; c28cm. c355437d355437 001040aSSISMbSSISMd2018-02-07l0oER M643 1979pSSISM4982r2018-02-07 00:00:00w2018-02-07yBK